000 00696nam a2200241Ia 4500
003 OSt
005 20220930190303.0
006 a|||||r|||| 00| 0
007 ta
008 220926b |||||||| |||| 00| 0 eng d
024 _a58,453
037 _cGeneral Books
040 _aCRL
_cCRL
_beng
041 _2eng
_aeng
082 _aV2:25xM69a, L0.1
110 _aVishwa-Bharati, Central Library ( Santiniketan)
_9558735
245 0 _aGandhiana
_b A bibliography of Gandhi literature V1.
260 _c1970
650 _aHISTORY
700 _aVishwa-Bharati, Central Library ( Santiniketan)
_9558736
942 _hV2:25xM69a, L0.1
_cGB
_2CC
999 _c891973
_d891973